000 00692nam a2200229 i 4500
003 DO-SdBNP
005 20240220094858.0
007 ta
008 240220s1969 dr a b 000 0 spa d
040 _aDO-SdBNP
_bspa
_cBNPHU
_erda
082 _bV635t
_222
100 _aVicioso Sánchez, Vitalia Virginia
_983881
245 1 0 _aTeresita :
_balfabetizador dominicano /
_cVitalia Vicioso Sánchez
264 1 _aSanto Domingo :
_bTalleres Offset,
_c1969.
300 _a131 páginas,
_c22 cm.
336 _2rdacontent
_atexto
_btxt
337 _2rdamedia
_asin mediación
_bn
338 _2rdacarrier
_avolumen
_bnc
590 _aInventariado, 2024/ YL
910 _aYLockward
942 _2ddc
_cLBS1
999 _c55976
_d55976